| 000 | 02228nam0a22004811 4500 | ||
|---|---|---|---|
| 001 | v19\rc\2100774 | ||
| 005 | 20171003163326.0 | ||
| 035 | _a(NLR Aleph) 005280691 | ||
| 090 |
_a6095216 _c6095216 |
||
| 100 | _a20090914d1806 |||y0rusy50 ca | ||
| 101 | 1 |
_arus _cfre |
|
| 102 | _aRU | ||
| 105 | _ay z ||||| | ||
| 135 | _acrcn 024anaba | ||
| 200 | 1 |
_aЖивой мертвец, или Неаполитанцы. _fСочин. Радклиф _gПеревод с французскаго Б.Б. |
|
| 210 |
_aМосква _cв типографии Христофора Клаудия _d1806 |
||
| 215 |
_a186 с. _d18° (14 см) |
||
| 300 | _aАвторство ошибочно приписано А. Радклиф | ||
| 300 | _aПер. романа М.Ж. Булло "Le fantôme vivant, ou les Napolitains" (1801) | ||
| 300 | _aПер. Б.К. Бланка | ||
| 321 | 0 | _aXVIII в. Сб. 28. С. 315 | |
| 321 | 1 | _aСК 1801-1825 2750 | |
| 325 | 1 | _aКопия доступна в электронной библиотеке РНБ | |
| 454 | 0 |
_12001#$aLe fantôme vivant, ou les Napolitains _15171#$aFantôme vivant, ou les Napolitains |
|
| 517 | 1 | _aНеаполитанцы | |
| 700 | 1 |
_aБулло _bМ. Ж. _f1772-1865 _gМатюрен Жозеф |
|
| 702 | 1 |
_aРадклиф _bА. _f1764-1823 _gАнна _4330 |
|
| 702 | 1 |
_6z01790 _aБланк _bБ. К. _f1769-1826 _gБорис Карлович _4730 |
|
| 790 | 0 |
_6z01702 _aБ.Б. _f1769-1826 |
|
| 801 | 0 |
_aRU _bNLR _gpsbo |
|
| 801 | 1 |
_aRU _bProSoft-M _2rusmarc |
|
| 801 | 2 |
_aRU _bNLR _c20101207 _2rusmarc |
|
| 852 |
_aNLR _j18.320.7.41(1) |
||
| 856 | 0 | _uhttp://vivaldi.nlr.ru/bx000015177/view | |
| 856 | 1 | _uhttp://vivaldi.nlr.ru/bx000015177/cover | |
| 856 | 2 | _uhttp://vivaldi.nlr.ru/bx000015177/text | |
| 901 | _eКнижные издания | ||
| 942 | _cBOOK | ||
| 980 | _aNB | ||
| 981 | 2 | 2 |
_a(22) Материалы по истории России _b(22) История России до 25 октября (7 ноября) 1917 года _bКультура. Наука. Просвещение. |
| 981 | 2 | 0 | _a(20) Книжные памятники РНБ |